Central Library OPAC University of Rajshahi

সিলেটী ভাষাতত্ত্বের ভুমিকা / (Record no. 44793)

MARC details
000 -LEADER
fixed length control field 00840nam a2200229 a 4500
001 - CONTROL NUMBER
control field 44793
003 - CONTROL NUMBER IDENTIFIER
rucl marc code BD-RjUL
005 - DATE AND TIME OF LATEST TRANSACTION
control field 20211209053922.0
008 - FIXED-LENGTH DATA ELEMENTS--GENERAL INFORMATION
fixed length control field 160720s1961 bg ||||| |||| 00| 0 ben d
020 ## - INTERNATIONAL STANDARD BOOK NUMBER
Terms of availability : PRs.4.00
035 ## - SYSTEM CONTROL NUMBER
System control number (BD-RjUL)44911
040 ## - CATALOGING SOURCE
Original cataloging agency BD-RjUL
Language of cataloging ben
Transcribing agency BD-RjUL
Modifying agency BD-RjUL
041 ## - LANGUAGE CODE
Language code of text/sound track or separate title ben
082 ## - DEWEY DECIMAL CLASSIFICATION NUMBER
Edition number 23
Classification number 491.44
Author mark and year LAS 1961
100 ## - MAIN ENTRY--PERSONAL NAME
Personal name লাহিড়ী, শিবপ্রসন্ন
9 (RLIN) 137303
245 10 - TITLE STATEMENT
Title সিলেটী ভাষাতত্ত্বের ভুমিকা /
Statement of responsibility, etc. শিবপ্রসন্ন লাহিড়ী,
260 ## - PUBLICATION, DISTRIBUTION, ETC. (IMPRINT)
Place of publication, distribution, etc. ঢাকা :
Name of publisher, distributor, etc. বাংঙ্‌লা একাডেমী,
Date of publication, distribution, etc. ১৯৬১
300 ## - PHYSICAL DESCRIPTION
Pagination [৮], ১৫৯ পৃ. ;
Size ২৭ সেমি.
650 ## - SUBJECT ADDED ENTRY--TOPICAL TERM
Topical term or geographic name as entry element বাংলা ভাষা
9 (RLIN) 137304
Topical term or geographic name as entry element Bengali Language
9 (RLIN) 137305
942 ## - ADDED ENTRY ELEMENTS (KOHA)
Source of classification or shelving scheme Dewey Decimal Classification
Koha item type Books
Holdings
Lost status Source of classification or shelving scheme Damaged status Not for loan Collection code Permanent Location Current Location Shelving location Date acquired Source of acquisition Cost, normal purchase price Total Checkouts Full call number Date last seen Date checked out Copy number Koha item type
  Dewey Decimal Classification     Non-fiction Central Library, University of Rajshahi Central Library, University of Rajshahi   10/02/1967 Nowrose kitabitan, Dhaka. 4.00 1 B 491.44 LAS 1961 06/05/2019 21/04/2019 C-2 Books
  Dewey Decimal Classification     Non-fiction Central Library, University of Rajshahi Central Library, University of Rajshahi   13/06/1968 Nawroge 4.00   B 491.44 LAS 1961 27/09/2016   C-3 Books
  Dewey Decimal Classification     Non-fiction Central Library, University of Rajshahi Central Library, University of Rajshahi   13/06/1968 Nawroge kitabstan, Dhaka 4.00   B 491.44 LAS 1961 02/10/2016   C-4 Books
  Dewey Decimal Classification   Not For Loan Non-fiction Central Library, University of Rajshahi Central Library, University of Rajshahi Reading Room 18/01/1965 Ideal Lib., Dacca 41.00   B 491.44 LAS 1961 08/05/2017   C-1 Books
  Dewey Decimal Classification     Non-fiction Central Library, University of Rajshahi Central Library, University of Rajshahi General Stacks 10/02/1967 Nawroge 4.00   B 491.44 LAS 1961 10/09/2025   C-5 Books